000
00330 a2200145 4500
001
148647
040
_c
Escola São Tomás de Aquino
100
_a
PINHEIRO, Silvana
240
1
0
_a
História de estrela
_l
por
245
1
0
_a
História de estrela
362
0
_a
1994
440
1
_a
RHJ
697
_a
*LITERATURA INFANTO
942
_c
BK
999
_c
148647
_d
148647